Statistics for 1974 College Football AP Poll

Click here to take the quiz!

General Stats

  • This quiz has been taken 36 times
  • The average score is 253 of 303

Answer Stats

WeekRankTeamWLTConference% Correct
Week 3 (9/23)5Michigan20Big Ten
100%
Week 8 (10/28)3Michigan70Big Ten
100%
Week 4 (9/30)4Michigan30Big Ten
100%
Week 13 (12/2)4Michigan101Big Ten
100%
Week 5 (10/7)4Michigan40Big Ten
100%
Week 9 (11/4)4Michigan80Big Ten
100%
Week 12 (11/25)4Michigan101Big Ten
100%
Week 1 (9/9)6Michigan00Big Ten
100%
Week 10 (11/11)3Michigan90Big Ten
100%
Week 6 (10/14)3Michigan50Big Ten
100%
Week 11 (11/18)3Michigan100Big Ten
100%
Postseason3Michigan101Big Ten
100%
Week 2 (9/16)6Michigan10Big Ten
100%
Preseason6Michigan00Big Ten
100%
Week 7 (10/21)3Michigan60Big Ten
100%
Week 1 (9/9)4Ohio State00Big Ten
100%
Preseason2Ohio State00Big Ten
100%
Week 2 (9/16)2Ohio State10Big Ten
100%
Week 5 (10/7)1Ohio State40Big Ten
100%
Week 10 (11/11)4Ohio State81Big Ten
100%
Week 13 (12/2)3Ohio State101Big Ten
100%
Week 11 (11/18)4Ohio State91Big Ten
100%
Week 3 (9/23)1Ohio State20Big Ten
100%
Week 9 (11/4)1Ohio State80Big Ten
100%
Week 7 (10/21)1Ohio State60Big Ten
100%
Week 6 (10/14)1Ohio State50Big Ten
100%
Week 12 (11/25)3Ohio State101Big Ten
100%
Postseason4Ohio State102Big Ten
100%
Week 8 (10/28)1Ohio State70Big Ten
100%
Week 4 (9/30)1Ohio State30Big Ten
100%
Week 1 (9/9)10Texas00Southwest
100%
Week 7 (10/21)13Texas42Southwest
100%
Week 2 (9/16)9Texas10Southwest
100%
Week 9 (11/4)12Texas62Southwest
100%
Week 4 (9/30)19Texas21Southwest
100%
Week 11 (11/18)17Texas73Southwest
100%
Week 5 (10/7)17Texas31Southwest
100%
Week 12 (11/25)17Texas73Southwest
100%
Week 6 (10/14)16Texas32Southwest
100%
Week 13 (12/2)11Texas83Southwest
100%
Postseason17Texas84Southwest
100%
Week 8 (10/28)12Texas52Southwest
100%
Week 3 (9/23)6Texas20Southwest
100%
Preseason10Texas00Southwest
100%
Week 12 (11/25)2Alabama100SEC
96%
Week 4 (9/30)3Alabama30SEC
96%
Week 3 (9/23)4Alabama20SEC
96%
Week 11 (11/18)2Alabama100SEC
96%
Week 10 (11/11)2Alabama90SEC
96%
Week 1 (9/9)3Alabama00SEC
96%
Week 7 (10/21)4Alabama60SEC
96%
Preseason4Alabama00SEC
96%
Week 8 (10/28)4Alabama70SEC
96%
Postseason5Alabama111SEC
96%
Week 2 (9/16)5Alabama10SEC
96%
Week 6 (10/14)4Alabama50SEC
96%
Week 9 (11/4)3Alabama80SEC
96%
Week 13 (12/2)2Alabama110SEC
96%
Week 5 (10/7)3Alabama40SEC
96%
Week 5 (10/7)6Notre Dame31Independent
96%
Week 6 (10/14)7Notre Dame41Independent
96%
Week 8 (10/28)7Notre Dame61Independent
96%
Week 4 (9/30)7Notre Dame21Independent
96%
Week 10 (11/11)5Notre Dame71Independent
96%
Week 11 (11/18)5Notre Dame81Independent
96%
Week 9 (11/4)8Notre Dame71Independent
96%
Week 7 (10/21)7Notre Dame51Independent
96%
Week 12 (11/25)5Notre Dame91Independent
96%
Postseason6Notre Dame102Independent
96%
Week 1 (9/9)2Notre Dame10Independent
96%
Week 2 (9/16)1Notre Dame10Independent
96%
Preseason3Notre Dame00Independent
96%
Week 13 (12/2)9Notre Dame92Independent
96%
Week 3 (9/23)2Notre Dame20Independent
96%
Week 11 (11/18)8USC711Pacific-8
96%
Week 8 (10/28)6USC51Pacific-8
96%
Week 10 (11/11)8USC611Pacific-8
96%
Week 13 (12/2)5USC911Pacific-8
96%
Postseason2USC1011Pacific-8
96%
Week 9 (11/4)11USC511Pacific-8
96%
Week 6 (10/14)6USC31Pacific-8
96%
Week 4 (9/30)9USC11Pacific-8
96%
Week 12 (11/25)6USC811Pacific-8
96%
Week 5 (10/7)7USC21Pacific-8
96%
Week 1 (9/9)5USC00Pacific-8
96%
Week 2 (9/16)13USC01Pacific-8
96%
Week 3 (9/23)18USC01Pacific-8
96%
Week 7 (10/21)6USC41Pacific-8
96%
Preseason5USC00Pacific-8
96%
Week 7 (10/21)12Florida51SEC
92%
Week 8 (10/28)11Florida61SEC
92%
Week 13 (12/2)18Florida83SEC
92%
Week 9 (11/4)6Florida71SEC
92%
Postseason15Florida84SEC
92%
Week 4 (9/30)13Florida30SEC
92%
Week 10 (11/11)9Florida72SEC
92%
Week 5 (10/7)8Florida40SEC
92%
Week 11 (11/18)20Florida73SEC
92%
Week 6 (10/14)14Florida41SEC
92%
Week 1 (9/9)9LSU00SEC
92%
Week 3 (9/23)17LSU11SEC
92%
Week 2 (9/16)7LSU10SEC
92%
Preseason9LSU00SEC
92%
Week 4 (9/30)6Nebraska21Big Eight
92%
Week 12 (11/25)9Nebraska83Big Eight
92%
Week 10 (11/11)6Nebraska72Big Eight
92%
Week 1 (9/9)7Nebraska00Big Eight
92%
Week 8 (10/28)9Nebraska52Big Eight
92%
Preseason7Nebraska00Big Eight
92%
Week 11 (11/18)6Nebraska82Big Eight
92%
Week 3 (9/23)10Nebraska11Big Eight
92%
Week 6 (10/14)12Nebraska32Big Eight
92%
Postseason9Nebraska93Big Eight
92%
Week 13 (12/2)8Nebraska83Big Eight
92%
Week 2 (9/16)4Nebraska10Big Eight
92%
Week 7 (10/21)9Nebraska42Big Eight
92%
Week 5 (10/7)5Nebraska31Big Eight
92%
Week 9 (11/4)9Nebraska62Big Eight
92%
Week 7 (10/21)2Oklahoma50Big Eight
92%
Postseason1Oklahoma110Big Eight
92%
Week 8 (10/28)2Oklahoma60Big Eight
92%
Week 1 (9/9)1Oklahoma00Big Eight
92%
Preseason1Oklahoma00Big Eight
92%
Week 6 (10/14)2Oklahoma40Big Eight
92%
Week 5 (10/7)2Oklahoma30Big Eight
92%
Week 3 (9/23)3Oklahoma10Big Eight
92%
Week 11 (11/18)1Oklahoma90Big Eight
92%
Week 12 (11/25)1Oklahoma100Big Eight
92%
Week 4 (9/30)2Oklahoma20Big Eight
92%
Week 2 (9/16)3Oklahoma10Big Eight
92%
Week 10 (11/11)1Oklahoma80Big Eight
92%
Week 13 (12/2)1Oklahoma110Big Eight
92%
Week 9 (11/4)2Oklahoma70Big Eight
92%
Week 6 (10/14)11Penn State41Independent
92%
Week 1 (9/9)8Penn State00Independent
92%
Week 7 (10/21)10Penn State51Independent
92%
Week 5 (10/7)15Penn State31Independent
92%
Week 10 (11/11)11Penn State72Independent
92%
Week 3 (9/23)19Penn State11Independent
92%
Week 9 (11/4)7Penn State71Independent
92%
Preseason8Penn State00Independent
92%
Week 12 (11/25)10Penn State82Independent
92%
Week 2 (9/16)8Penn State10Independent
92%
Week 4 (9/30)15Penn State21Independent
92%
Week 8 (10/28)10Penn State61Independent
92%
Week 13 (12/2)7Penn State92Independent
92%
Postseason7Penn State102Independent
92%
Week 11 (11/18)10Penn State82Independent
92%
Postseason20Tennessee732SEC
92%
Week 2 (9/16)17Tennessee001SEC
92%
Week 3 (9/23)14Tennessee101SEC
92%
Week 1 (9/9)15Tennessee00SEC
92%
Preseason16Tennessee00SEC
92%
Week 4 (9/30)11Auburn30SEC
85%
Week 8 (10/28)5Auburn70SEC
85%
Week 11 (11/18)7Auburn91SEC
85%
Week 7 (10/21)5Auburn60SEC
85%
Week 6 (10/14)5Auburn50SEC
85%
Week 10 (11/11)7Auburn81SEC
85%
Week 12 (11/25)7Auburn91SEC
85%
Week 5 (10/7)10Auburn40SEC
85%
Postseason8Auburn102SEC
85%
Week 13 (12/2)6Auburn92SEC
85%
Week 9 (11/4)10Auburn71SEC
85%
Week 9 (11/4)5Texas A&M71Southwest
85%
Week 7 (10/21)8Texas A&M51Southwest
85%
Week 12 (11/25)8Texas A&M82Southwest
85%
Week 13 (12/2)16Texas A&M83Southwest
85%
Week 4 (9/30)5Texas A&M30Southwest
85%
Week 10 (11/11)10Texas A&M72Southwest
85%
Week 3 (9/23)9Texas A&M20Southwest
85%
Week 5 (10/7)16Texas A&M31Southwest
85%
Week 11 (11/18)9Texas A&M82Southwest
85%
Week 8 (10/28)8Texas A&M61Southwest
85%
Postseason16Texas A&M83Southwest
85%
Preseason20Texas A&M00Southwest
85%
Week 6 (10/14)8Texas A&M41Southwest
85%
Week 8 (10/28)18UCLA412Pacific-8
85%
Week 2 (9/16)12UCLA001Pacific-8
85%
Preseason12UCLA00Pacific-8
85%
Week 1 (9/9)12UCLA001Pacific-8
85%
Week 4 (9/30)16Miami20MAC
81%
Week 3 (9/23)20Miami10MAC
81%
Week 7 (10/21)19Miami of Ohio501MAC
81%
Week 9 (11/4)13Miami of Ohio701MAC
81%
Postseason10Miami of Ohio1001MAC
81%
Week 11 (11/18)12Miami of Ohio901MAC
81%
Week 10 (11/11)12Miami of Ohio801MAC
81%
Week 5 (10/7)20Miami of Ohio301MAC
81%
Week 12 (11/25)12Miami of Ohio901MAC
81%
Week 6 (10/14)19Miami of Ohio401MAC
81%
Week 13 (12/2)15Miami of Ohio901MAC
81%
Week 8 (10/28)16Miami of Ohio601MAC
81%
Week 7 (10/21)16Arizona51WAC
77%
Week 2 (9/16)17Arizona10WAC
77%
Week 3 (9/23)15Arizona20WAC
77%
Week 4 (9/30)12Arizona30WAC
77%
Week 1 (9/9)17Arizona00WAC
77%
Week 5 (10/7)12Arizona40WAC
77%
Week 13 (12/2)19Arizona92WAC
77%
Week 6 (10/14)9Arizona50WAC
77%
Preseason17Arizona00WAC
77%
Week 11 (11/18)16Baylor63Southwest
77%
Postseason14Baylor84Southwest
77%
Week 12 (11/25)16Baylor73Southwest
77%
Week 13 (12/2)12Baylor83Southwest
77%
Week 6 (10/14)13Kansas41Big Eight
77%
Week 5 (10/7)19Kansas31Big Eight
77%
Week 9 (11/4)18California521Pacific-8
73%
Week 11 (11/18)19California721Pacific-8
73%
Week 10 (11/11)19California621Pacific-8
73%
Week 7 (10/21)20California51Pacific-8
73%
Week 11 (11/18)14Michigan State631Big Ten
73%
Week 13 (12/2)14Michigan State731Big Ten
73%
Postseason12Michigan State731Big Ten
73%
Week 10 (11/11)15Michigan State531Big Ten
73%
Week 12 (11/25)14Michigan State731Big Ten
73%
Week 3 (9/23)8Pittsburgh20Independent
73%
Week 1 (9/9)13Pittsburgh00Independent
73%
Week 11 (11/18)18Pittsburgh73Independent
73%
Week 10 (11/11)17Pittsburgh72Independent
73%
Week 2 (9/16)15Pittsburgh10Independent
73%
Preseason13Pittsburgh00Independent
73%
Week 4 (9/30)17Pittsburgh21Independent
73%
Week 12 (11/25)18Pittsburgh73Independent
73%
Week 13 (12/2)20Pittsburgh74Independent
73%
Week 9 (11/4)19Pittsburgh62Independent
73%
Week 2 (9/16)19Stanford01Pacific-8
73%
Week 1 (9/9)20Stanford00Pacific-8
73%
Week 12 (11/25)19Wisconsin74Big Ten
73%
Week 13 (12/2)20Wisconsin74Big Ten
73%
Week 3 (9/23)11Wisconsin20Big Ten
73%
Week 8 (10/28)20Wisconsin43Big Ten
73%
Week 5 (10/7)13Wisconsin31Big Ten
73%
Week 2 (9/16)10Arkansas10Southwest
69%
Week 5 (10/7)14Arkansas31Southwest
69%
Week 1 (9/9)20Arkansas00Southwest
69%
Preseason19Arkansas00Southwest
69%
Week 4 (9/30)20Arkansas21Southwest
69%
Week 4 (9/30)14Illinois30Big Ten
69%
Week 3 (9/23)16Illinois20Big Ten
69%
Week 6 (10/14)10NC State50ACC
69%
Week 1 (9/9)16NC State00ACC
69%
Week 7 (10/21)17NC State51ACC
69%
Week 2 (9/16)15NC State10ACC
69%
Preseason18NC State00ACC
69%
Week 3 (9/23)13NC State20ACC
69%
Week 10 (11/11)16NC State72ACC
69%
Week 5 (10/7)11NC State40ACC
69%
Week 11 (11/18)13NC State82ACC
69%
Week 13 (12/2)13NC State92ACC
69%
Postseason11NC State921ACC
69%
Week 12 (11/25)13NC State92ACC
69%
Week 4 (9/30)8NC State30ACC
69%
Week 4 (9/30)18Arizona State21WAC
65%
Week 9 (11/4)16Arizona State52WAC
65%
Week 2 (9/16)11Arizona State10WAC
65%
Preseason15Arizona State00WAC
65%
Week 6 (10/14)15Arizona State31WAC
65%
Week 1 (9/9)11Arizona State10WAC
65%
Week 7 (10/21)14Arizona State41WAC
65%
Week 8 (10/28)14Arizona State51WAC
65%
Week 5 (10/7)18Arizona State31WAC
65%
Week 3 (9/23)7Arizona State20WAC
65%
Week 13 (12/2)17BYU731WAC
65%
Week 12 (11/25)20BYU731WAC
65%
Week 13 (12/2)10Maryland83ACC
65%
Week 8 (10/28)15Maryland52ACC
65%
Week 11 (11/18)11Maryland73ACC
65%
Week 1 (9/9)14Maryland00ACC
65%
Preseason14Maryland00ACC
65%
Week 9 (11/4)14Maryland53ACC
65%
Week 12 (11/25)11Maryland83ACC
65%
Week 7 (10/21)15Maryland42ACC
65%
Week 2 (9/16)14Maryland01ACC
65%
Week 10 (11/11)13Maryland63ACC
65%
Postseason13Maryland84ACC
65%
Week 6 (10/14)18Maryland32ACC
65%
Week 8 (10/28)17Mississippi State61SEC
65%
Postseason17Mississippi State93SEC
65%
Week 1 (9/9)18Missouri00Big Eight
65%
Week 9 (11/4)17Oklahoma State43Big Eight
62%
Week 10 (11/11)18Oklahoma State53Big Eight
62%
Week 3 (9/23)12Oklahoma State20Big Eight
62%
Week 6 (10/14)17Texas Tech311Southwest
62%
Week 5 (10/7)9Texas Tech301Southwest
62%
Week 8 (10/28)13Texas Tech511Southwest
62%
Week 9 (11/4)19Texas Tech521Southwest
62%
Week 10 (11/11)20Texas Tech621Southwest
62%
Week 4 (9/30)10Texas Tech201Southwest
62%
Week 7 (10/21)11Texas Tech411Southwest
62%
Week 9 (11/4)15Houston62Independent
50%
Week 12 (11/25)15Houston82Independent
50%
Week 1 (9/9)19Houston01Independent
50%
Week 10 (11/11)14Houston62Independent
50%
Week 2 (9/16)19Houston11Independent
50%
Week 11 (11/18)15Houston72Independent
50%
Preseason11Houston00Independent
50%
Postseason19Houston831Independent
50%
Week 8 (10/28)20San Diego State51Pacific Coast
31%
Week 7 (10/21)18Tulane50Independent
31%
Week 6 (10/14)20Tulane40Independent
31%
Week 8 (10/28)19Temple60Independent
15%

Score Distribution

Percentile by Number Answered

Percent of People with Each Score

Your Score History

You have not taken this quiz